| 000 | 00598nam a22002177a 4500 | ||
|---|---|---|---|
| 999 |
_c1624 _d1624 |
||
| 001 | 13259 | ||
| 003 | BD-DhUAP | ||
| 005 | 20200211103438.0 | ||
| 008 | 200211s2006 ii ||||| |||| 001 0 eng d | ||
| 020 | _a8170128757 | ||
| 040 |
_aBD-DhUAP _bEng _cBD-DhUAP _dBD-DhUAP |
||
| 082 |
_223 _a346.54066 SIN |
||
| 100 | _aSingh, Avtar. | ||
| 245 |
_aIntroduction to company law / _cAvtar Singh. |
||
| 250 | _a10th ed. | ||
| 260 |
_aLucknow : _bEastern Book Company, _cc2006. |
||
| 300 |
_a[A-55], 200 pages ; _c24 cm. |
||
| 500 | _aInclude index. | ||
| 650 |
_aCorporation law _zIndia. |
||
| 942 |
_2ddc _cBK |
||